Management of Systems (Record no. 4257)

MARC details
000 -LEADER
fixed length control field 00361nam a22001577a 4500
005 - DATE AND TIME OF LATEST TRANSACTION
control field 20160627144239.0
008 - FIXED-LENGTH DATA ELEMENTS--GENERAL INFORMATION
fixed length control field 160627b xxu||||| |||| 00| 0 eng d
041 ## - LANGUAGE CODE
Language code of text/sound track or separate title eng
082 ## - DEWEY DECIMAL CLASSIFICATION NUMBER
Item number 10640
100 ## - MAIN ENTRY--AUTHOR NAME
Personal name Sharma, S.C.
245 ## - TITLE STATEMENT
Title Management of Systems
260 ## - PUBLICATION, DISTRIBUTION, ETC. (IMPRINT)
Name of publisher Khanna Publishers
Year of publication 1995
300 ## - PHYSICAL DESCRIPTION
Number of Pages 912
650 ## - SUBJECT ADDED ENTRY--TOPICAL TERM
Topical Term Management
942 ## - ADDED ENTRY ELEMENTS (KOHA)
Koha item type Books
Holdings
Lost status Damaged status Collection code Home library Current library Shelving location Date acquired Cost, normal purchase price Full call number Accession Number Koha item type
    MANAGEMENT JRU Library JRU Library SHELF-73-N 27/06/2016 115.00 658.4032 10640 Books